Państwa mające populacje pomiędzy 30 a 50 milionów - Statystyki

Ogólne statystyki
  • Ten quiz został rozwiązany 28 razy
  • Średni wynik to 16 z 21
Statystyki odpowiedzi
Populacja Kraj % Poprawnych
38M Polska
100%
43M Ukraina
100%
46M Argentyna
90%
47M Hiszpania
90%
40M Irak
90%
38M Kanada
90%
49M Kolumbia
90%
36M Maroko
86%
32M Peru
81%
46M Uganda
81%
35M Arabia Saudyjska
76%
31M Uzbekistan
76%
38M Afganistan
71%
44M Algieria
67%
34M Malezja
67%
30M Nepal
62%
48M Sudan
62%
35M Angola
57%
33M Ghana
57%
31M Jemen
57%
31M Mozambik
43%
Nie znaleziono quizów pasujących do podanych kryteriów
Rozkład punktacji
Procent ludzi z każdym wynikiem
Percentyl według liczby udzielonych odpowiedzi
Twoja historia wyników
Nie rozwiązałeś tego quizu